000
00318nam a2200133Ia 4500
005
20260328101452.0
008
260328s9999||||xx |||||||||||||| ||und||
100
_a
Rossi, Aldo
245
0
_a
La Arquitectura de la Ciudad /
_c
Aldo Rossi
260
_b
Marsilio
300
_a
239 p.
650
_a
ARQUITECTURA
942
_c
BK
999
_c
8690
_d
8690